<?xml version="1.0" encoding="UTF-8"?><?xml-stylesheet type="text/xsl" href="static/style.xsl"?><OAI-PMH xmlns="http://www.openarchives.org/OAI/2.0/" xmlns:xsi="http://www.w3.org/2001/XMLSchema-instance" xsi:schemaLocation="http://www.openarchives.org/OAI/2.0/ http://www.openarchives.org/OAI/2.0/OAI-PMH.xsd"><responseDate>2026-04-30T13:00:20Z</responseDate><request verb="GetRecord" identifier="oai:riubu.ubu.es:10259/11141" metadataPrefix="marc">https://riubu.ubu.es/oai/request</request><GetRecord><record><header><identifier>oai:riubu.ubu.es:10259/11141</identifier><datestamp>2025-12-17T01:05:48Z</datestamp><setSpec>com_10259_7072</setSpec><setSpec>com_10259_3812</setSpec><setSpec>com_10259.4_106</setSpec><setSpec>com_10259_2604</setSpec><setSpec>col_10259_10489</setSpec></header><metadata><record xmlns="http://www.loc.gov/MARC21/slim" xmlns:doc="http://www.lyncode.com/xoai" xmlns:xsi="http://www.w3.org/2001/XMLSchema-instance" xmlns:dcterms="http://purl.org/dc/terms/" xsi:schemaLocation="http://www.loc.gov/MARC21/slim http://www.loc.gov/standards/marcxml/schema/MARC21slim.xsd">
<leader>00925njm 22002777a 4500</leader>
<datafield tag="042" ind1=" " ind2=" ">
<subfield code="a">dc</subfield>
</datafield>
<datafield tag="720" ind1=" " ind2=" ">
<subfield code="a">Medina Arnáiz, Teresa</subfield>
<subfield code="e">author</subfield>
</datafield>
<datafield tag="260" ind1=" " ind2=" ">
<subfield code="c">2025-12</subfield>
</datafield>
<datafield tag="520" ind1=" " ind2=" ">
<subfield code="a">Desde hace más de una década, los planes de acción para una economía&#xd;
circular se integran en las estrategias de la Unión Europea dirigidas a consolidar un modelo económico climáticamente neutro, sostenible y eficiente en el&#xd;
uso de los recursos. En la actualidad, la transición hacia una economía circular sigue formando parte de la agenda legislativa europea, configurándose&#xd;
como el objetivo climático fundamental para garantizar la autonomía energética de la Unión Europea y reducir la dependencia de materias primas importadas en un contexto geopolítico cada vez más incierto.&#xd;
La transformación del modelo de producción y consumo conforme a las&#xd;
prácticas de circularidad requiere actuaciones específicas desde distintas políticas públicas. En este marco, la contratación pública se erige como un instrumento estratégico para el impulso de dicho proceso, no solo por su potencial efecto ejemplarizante, sino también por su capacidad para dinamizar un&#xd;
mercado emergente de bienes y servicios alineados con los principios de la&#xd;
economía circular.</subfield>
</datafield>
<datafield tag="520" ind1=" " ind2=" ">
<subfield code="a">For over a decade, circular economy action plans have been incorporated&#xd;
into the European Union’s strategies aimed at consolidating a climate-neutral,&#xd;
sustainable, resource-efficient, and competitive economic model, while&#xd;
strengthening energy autonomy and security. At present, the transition towards&#xd;
a circular economy remains a priority on the EU legislative agenda, also serving to reduce reliance on imported raw materials in an increasingly uncertain&#xd;
geopolitical context.&#xd;
The transformation of production and consumption systems in line with&#xd;
circularity principles requires specific actions across multiple public policy&#xd;
areas. Within this framework, public procurement emerges as a strategic instrument to foster such a transition, not only due to its exemplary function&#xd;
but also because of its capacity to stimulate a developing market for goods&#xd;
and services consistent with the principles of the circular economy.</subfield>
</datafield>
<datafield tag="024" ind2=" " ind1="8">
<subfield code="a">1139-4978</subfield>
</datafield>
<datafield tag="024" ind2=" " ind1="8">
<subfield code="a">https://hdl.handle.net/10259/11141</subfield>
</datafield>
<datafield ind1=" " ind2=" " tag="653">
<subfield code="a">Economía circular</subfield>
</datafield>
<datafield ind1=" " ind2=" " tag="653">
<subfield code="a">Contratación pública circular</subfield>
</datafield>
<datafield ind1=" " ind2=" " tag="653">
<subfield code="a">Contratación pública estratégica</subfield>
</datafield>
<datafield ind1=" " ind2=" " tag="653">
<subfield code="a">Sostenibilidad medioambiental</subfield>
</datafield>
<datafield ind1=" " ind2=" " tag="653">
<subfield code="a">Circular economy</subfield>
</datafield>
<datafield ind1=" " ind2=" " tag="653">
<subfield code="a">Circular public procurement</subfield>
</datafield>
<datafield ind1=" " ind2=" " tag="653">
<subfield code="a">Strategic procurement</subfield>
</datafield>
<datafield ind1=" " ind2=" " tag="653">
<subfield code="a">Environmental sustainability</subfield>
</datafield>
<datafield tag="245" ind1="0" ind2="0">
<subfield code="a">La transición hacia una economía circular a través de la contratación pública</subfield>
</datafield>
</record></metadata></record></GetRecord></OAI-PMH>